ՀՀ Գիտությունների ազգային ակադեմիայի հիմնարար գիտական գրադարան  =   Fundamental Scientific Library of NAS RA

Акустическое оформление громкоговорителей / (Record no. 525326)

MARC details
000 -LEADER
fixed length control field 00774aam a2200205 a 4500
003 - CONTROL NUMBER IDENTIFIER
control field AM-YEHGA
001 - CONTROL NUMBER
control field 1581277
005 - DATE AND TIME OF LATEST TRANSACTION
control field 20250617164511.0
008 - FIXED-LENGTH DATA ELEMENTS--GENERAL INFORMATION
fixed length control field 190417s1962 ru a|||fr||||| | |rus||
040 ## - CATALOGING SOURCE
Original cataloging agency AM-YeHGA
041 0# - LANGUAGE CODE
Language code of text/sound track or separate title rus
090 ## - LOCALLY ASSIGNED LC-TYPE CALL NUMBER (OCLC); LOCAL CALL NUMBER (RLIN)
-- 532532
100 1# - MAIN ENTRY--PERSONAL NAME
Personal name Эфрусси, Михаил Михайлович
245 10 - TITLE STATEMENT
Title Акустическое оформление громкоговорителей /
Statement of responsibility, etc. М.М. Эфрусси.
260 ## - PUBLICATION, DISTRIBUTION, ETC.
Place of publication, distribution, etc. Москва ;
-- Ленинград :
Name of publisher, distributor, etc. Госэнергоиздат,
Date of publication, distribution, etc. 1962.
300 ## - PHYSICAL DESCRIPTION
Extent 48 с. :
Other physical details ил. ;
Dimensions 20 см.
490 0# - SERIES STATEMENT
Series statement Массовая радиобиблиотека ;
Volume/sequential designation Вып. 441
650 14 - SUBJECT ADDED ENTRY--TOPICAL TERM
Topical term or geographic name entry element Громкоговорители
General subdivision Акустическое оформление
942 ## - ADDED ENTRY ELEMENTS (KOHA)
Source of classification or shelving scheme Universal Decimal Classification
Koha item type Գրքեր / Books
Holdings
Withdrawn status Lost status Damaged status Not for loan Collection Home library Current library Date acquired Total checkouts Full call number Barcode Date last seen Price effective from Koha item type Public note
        General Fundamental Scientific Library Fundamental Scientific Library 22/03/2022   РII/72288 FL0675554 22/03/2022 22/03/2022 Գրքեր / Books 30 Days Loan


ՀՀ ԳԱԱ հիմնարար գիտական գրադարան
ՀՀ,Երևան 0019
Մարշալ Բաղրամյան 24/6
հեռախոս:(374-10) 52-47-50
Հետադարձ կապ

All site content, except where otherwise noted, is licensed under a
Creative Commons License